00653nam a22001577a 4500003000400000008004100004020001800045082001600063100002100079245012900100260005400229300001400283942001200297999001700309952016900326OSt240911b |||||||| |||| 00| 0 eng d a9788120819986 a576.83bDAO aDAS, Rahul Peter aThe Origin of Life of a Human Being : Conception and the Female Accoding to Ancient India Medical and Sexological Literature aNew Delhi:bMotilal Banarsidass Publisher,c2003. axvi,728p. 2ddccBK c12905d12905 00102ddc40708IKSaPIETbPIETd2024-09-11eZafaa Books and DistributorsfINRg1295.00kZBD0186l0o576.83 DAOp38473r2024-09-11 00:00:00v971.25w2024-09-07yBK